Religion Quiz

Random Religion or Judaism Quiz

Religious Threesomes Quiz Stats

 Plays Quiz Updated Dec 5, 2018

Challenge
Share
Tweet
Embed
Score 0/45 Timer 04:00
6 Plays Today
% Correct
Son
98.6%
Father
98.3%
Holy Spirit
97.1%
Jesus
91.3%
Mary
90.3%
Joseph
88.3%
Gold
79.2%
Myrrh
63.6%
Abraham
53.6%
Frankincense
52.8%
Torah
50.9%
Devil
47.3%
Peter
45.3%
John
43.4%
David
43.3%
Jacob
42.1%
Isaac
40.7%
Ham
38.9%
Pesach
37.5%
Solomon
35.9%
Shem
34.2%
James
29.7%
Saul
29.5%
% Correct
Seraphim
28.3%
Love
28.2%
Shadrach
26.6%
Cherubim
25.5%
Meshach
23%
Spirit
22.9%
Faith
22.5%
Hope
22%
Abednego
21.5%
Balthasar
20.6%
Japheth
20.2%
Nevi'im
19.7%
Body
19.5%
Soul
17.7%
Melchior
15.9%
Caspar
14.8%
Ketuvim
13.5%
Sukkot
10.4%
Flesh
8.7%
Shavuot
6.7%
World
5.2%
Thrones
4.5%

You're not logged in!

Compare scores with friends on all Sporcle quizzes.
OR
Log In

You Might Also Like...

Show Comments

Extras

Top Quizzes Today


Score Distribution

Your Account Isn't Verified!

In order to create a playlist on Sporcle, you need to verify the email address you used during registration. Go to your Sporcle Settings to finish the process.

Report this User

Report this user for behavior that violates our Community Guidelines.

Details: